Cult, religion and society: Polyandrous people of Western Himalaya (Record no. 7235)
[ view plain ]
| 000 -LEADER | |
|---|---|
| fixed length control field | 00721nam a2200193Ia 4500 |
| 020 ## - INTERNATIONAL STANDARD BOOK NUMBER | |
| ISBN | 9788131603291 |
| 082 ## - DEWEY DECIMAL CLASSIFICATION NUMBER | |
| Classification number | 306.09547 BHA-C |
| 100 ## - MAIN ENTRY--AUTHOR NAME | |
| Personal name | Bhatt, G. S. |
| 245 #0 - TITLE STATEMENT | |
| Title | Cult, religion and society: Polyandrous people of Western Himalaya |
| 260 ## - PUBLICATION, DISTRIBUTION, ETC. (IMPRINT) | |
| Place of publication | Jaipur |
| Name of publisher | Rawat Publications |
| Year of publication | 2010 |
| 300 ## - PHYSICAL DESCRIPTION | |
| Number of Pages | x, 420 |
| 504 ## - BIBLIOGRAPHY, ETC. NOTE | |
| Bibliography, etc | Includes bibligraphy and index |
| 650 ## - SUBJECT ADDED ENTRY--TOPICAL TERM | |
| Topical Term | Cults |
| Form subdivision | India |
| -- | Western Himalaya Mountains |
| 650 ## - SUBJECT ADDED ENTRY--TOPICAL TERM | |
| Topical Term | Mahasu, The |
| Form subdivision | Cults |
| -- | India |
| -- | WesternHimalaya Mountains |
| 650 ## - SUBJECT ADDED ENTRY--TOPICAL TERM | |
| Topical Term | Western Himalaya Mountains (India) |
| Form subdivision | Religion |
| -- | India |
| -- | WesternHimalaya Mountains |
| 650 ## - SUBJECT ADDED ENTRY--TOPICAL TERM | |
| Topical Term | Religion and culture |
| Form subdivision | India |
| -- | Western Himalaya Mountains |
| 650 ## - SUBJECT ADDED ENTRY--TOPICAL TERM | |
| Topical Term | Polyandry |
| Form subdivision | India |
| -- | Western Himalaya Mountains |
| 942 ## - ADDED ENTRY ELEMENTS (KOHA) | |
| Koha item type | Books |
| Withdrawn status | Lost status | Damaged status | Not for loan | Home library | Current library | Date acquired | Source of acquisition | Bill Date | Full call number | Accession Number | Price effective from | Koha item type |
|---|---|---|---|---|---|---|---|---|---|---|---|---|
| NASSDOC Library | NASSDOC Library | 25/05/2010 | Gifted by : Sales Unit ICSSR | 2010-05-14 | 306.09547 BHA-C | 46312 | 18/04/2019 | Books | ||||
| NASSDOC Library | NASSDOC Library | 25/05/2010 | Gifted by : Sales Unit ICSSR | 2010-05-14 | 306.09547 BHA-C | 46313 | 18/04/2019 | Books |
